[Event "POL-chT 2nd League Juniors 2020"]
[Site "Sypniewo"]
[Date "2020.10.30"]
[Round "9.6"]
[White "Wieczorek, Maja"]
[Black "Lajdamik, Anna"]
[Result "0-1"]
[WhiteElo "1141"]
[BlackElo "1292"]
[Annotator "NA RC"]
[PlyCount "94"]
[EventDate "2020.10.23"]
[EventType "team-tourn"]
[EventCountry "POL"]
[SourceTitle "playchess.com"]
[Source "ChessBase"]
[SourceQuality "1"]
[TimeControl "5400+30"]

1. e4 {[%emt 0:00:00]} c6 {[%emt 0:00:00]} 2. d4 {[%emt 0:00:00]} d5 {[%emt 0:00:18]} 3. Nc3 {[%emt 0:00:01]} dxe4 {[%emt 0:00:41]} 4. Nxe4 {[%emt 0:00:11]} Nf6 {[%emt 0:00:58]} 5. Nxf6+ {[%emt 0:00:18]} gxf6 {[%emt 0:00:11]} 6. Nf3 {[%emt 0:00:54]} Bg4 {[%emt 0:01:48]} 7. Be2 {[%emt 0:00:58]} Qc7 {[%emt 0:02:03]} 8. c4 {[%emt 0:02:21]} e6 {[%emt 0:03:46]} 9. O-O {[%emt 0:02:47]} Nd7 {[%emt 0:03:00]} 10. Nh4 {[%emt 0:03:11]} Bxe2 {[%emt 0:06:04]} 11. Qxe2 {[%emt 0:00:13]} O-O-O {[%emt 0:02:54]} 12. f4 {[%emt 0:05:04]} f5 {[%emt 0:05:04]} 13. c5 {[%emt 0:02:49]} Nf6 {[%emt 0:05:16]} 14. Nf3 {[%emt 0:02:09]} Bg7 {[%emt 0:06:43]} 15. Be3 {[%emt 0:03:41]} Nd5 {[%emt 0:04:48]} 16. Qd2 {[%emt 0:06:37]} h5 {[%emt 0:07:58]} 17. b4 {[%emt 0:02:12]} f6 {[%emt 0:12:28]} 18. Nh4 {[%emt 0:08:13]} Bh6 {[%emt 0:06:41]} 19. Rae1 {[%emt 0:19:44]} Rhg8 {[%emt 0:08:51]} 20. g3 {[%emt 0:11:24]} Rg4 {[%emt 0:04:45]} 21. Ng2 {[%emt 0:00:20]} Rdg8 {[%emt 0:00:16]} 22. a4 {[%emt 0:03:56]} h4 {[%emt 0:01:03]} 23. Bf2 {[%emt 0:08:36]} hxg3 {[%emt 0:01:28]} 24. hxg3 {[%emt 0:04:00]} Nxf4 {[%emt 0:02:27]} 25. Ne3 {[%emt 0:03:36]} Nh3+ {[%emt 0:00:57]} 26. Kg2 {[%emt 0:00:16]} Nxf2 {[%emt 0:01:04]} 27. Kxf2 {[%emt 0:00:29]} Qxg3+ {[%emt 0:00:56]} 28. Ke2 {[%emt 0:00:08]} Bxe3 {[%emt 0:00:17]} 29. Qxe3 {[%emt 0:00:21]} Re4 {[%emt 0:00:10]} 30. Rf3 {[%emt 0:00:57]} Rxe3+ {[%emt 0:00:39]} 31. Kxe3 {[%emt 0:00:20]} Qg5+ {[%emt 0:00:09]} 32. Ke2 {[%emt 0:00:29]} e5 {[%emt 0:00:23]} 33. Ref1 {[%emt 0:01:07]} f4 {[%emt 0:00:29]} 34. b5 {[%emt 0:00:47]} Rh8 {[%emt 0:00:34]} 35. bxc6 {[%emt 0:00:32]} Rh2+ {[%emt 0:00:36]} 36. Kd3 {[%emt 0:00:12]} Qg2 {[%emt 0:00:32]} 37. cxb7+ {[%emt 0:00:51]} Kb8 {[%emt 0:00:46]} 38. R1f2 {[%emt 0:00:58]} Qxf2 {[%emt 0:00:13]} 39. Rxf2 {[%emt 0:00:05]} Rxf2 {[%emt 0:00:05]} 40. c6 {[%emt 0:00:08]} Rf3+ {[%emt 0:00:51]} 41. Ke4 {[%emt 0:00:12]} Rc3 {[%emt 0:00:30]} 42. d5 {[%emt 0:00:49]} Rc4+ {[%emt 0:03:21]} 43. Kf3 {[%emt 0:00:44]} Rd4 {[%emt 0:00:13]} 44. a5 {[%emt 0:00:26]} a6 {[%emt 0:00:14]} 45. Kg4 {[%emt 0:01:26]} Rxd5 {[%emt 0:00:09]} 46. Kf5 {[%emt 0:00:10]} Rd6 {[%emt 0:00:17]} 47. c7+ {[%emt 0:00:36]} Kxc7 {[%emt 0:00:10]} 0-1

[Event "POL-chT 2nd League Juniors 2020"]
[Site "Sypniewo"]
[Date "2020.10.30"]
[Round "9.7"]
[White "Chaczynski, Kamil"]
[Black "Ursnik, Patryk"]
[Result "1/2-1/2"]
[WhiteElo "1929"]
[BlackElo "1645"]
[Annotator "TA"]
[PlyCount "105"]
[EventDate "2020.10.23"]
[EventType "team-tourn"]
[EventCountry "POL"]
[SourceTitle "playchess.com"]
[Source "ChessBase"]
[SourceQuality "1"]

{[%evp 9,105,1,14,0,0,-10,-7,-9,35,31,31,27,34,38,54,41,40,8,28,-16,6,33,65,72,68,71,108,15,18,15,18,17,118,112,161,17,32,0,72,70,84,87,85,84,95,94,94,98,119,93,111,111,110,92,134,132,125,92,92,89,84,82,82,82,82,82,82,82,83,64,131,123,123,65,135,135,140,125,128,128,172,172,299,299,299,299,299,208,303,299,299,299,299,299,297,297,297,36]} 1. e4 c5 2. Nf3 Nc6 3. Bb5 g6 4. O-O Bg7 5. c3 Nf6 6. Qa4 {B31: Sicilian: 2...Nc6 3 Bb5 g6.} O-O 7. d4 cxd4 8. cxd4 {The position is equal.} a6 9. Nc3 Na7 10. Bd3 b5 {[#]} 11. Qc2 $146 ({Predecessor:} 11. Qb3 d6 12. h3 Be6 13. d5 Bd7 14. Be3 Nc8 15. a4 Rb8 16. a5 e6 17. Rac1 exd5 18. exd5 {½-½ (60) Msellek,I (2066)-Kulesh,V Batumi 2010}) 11... Bb7 12. Qe2 d6 13. Bf4 Nc6 14. Rac1 b4 15. Na4 Qa5 {Threatens to win with ...Nh5.} 16. b3 Nd7 17. Be3 Rfc8 18. Rc2 (18. d5 $16) 18... Na7 $11 19. Rfc1 Rxc2 20. Rxc2 Rc8 (20... Nb5 $11 {remains equal.}) 21. Rxc8+ $16 Bxc8 22. Qc2 ({Only move:} 22. Bc4 $1 $18) 22... Bb7 $11 23. Nb2 Qd8 (23... Nb5 $11) 24. d5 $16 Nb5 {[#]} 25. Bxb5 $1 axb5 26. Nd3 $36 {[%mdl 2048] White is in control.} Qc8 27. Qxc8+ Bxc8 28. Nxb4 e6 29. Bd4 Bh6 30. dxe6 fxe6 31. e5 Bb7 32. exd6 Bf4 33. Nd3 Bxd6 34. Nfe5 Nxe5 35. Bxe5 Be4 36. Bxd6 Bxd3 {[%mdl 4096] Endgame KB-KB} 37. a4 bxa4 38. bxa4 Kf7 39. f4 Kf6 (39... Ke8 $14) 40. Kf2 Kf5 41. a5 (41. Ke3 $16 Bf1 42. g3) 41... g5 ({Better is} 41... Ke4 $14) 42. fxg5 Kxg5 43. Ke3 Bf1 44. Kf3 Ba6 45. Be7+ Kf5 {[#]} (45... Kg6 $142 46. Kf4 Kf7) 46. g4+ $1 $18 Ke5 47. h4 Kd5 48. Ke3 Kc6 (48... Bb5 $142 49. h5 Ba4) 49. Bf8 {White has a decisive advantage.} e5 50. Bb4 Bc8 51. g5 Bf5 52. Bc3 Kb5 53. Bxe5 $2 {Av CentiPawn Loss W=-18/B=-19. Weighted=-17/-22} ({White should try} 53. h5 $18 Bc2 54. Bd2 (54. Bxe5 Kxa5 55. Kd4 Kb5 $16)) 1/2-1/2

[Event "POL-chT 2nd League Juniors 2020"]
[Site "Sypniewo"]
[Date "2020.10.30"]
[Round "9.7"]
[White "Grodecki, Filip"]
[Black "Krawczyk, Wojciech"]
[Result "1-0"]
[WhiteElo "1753"]
[BlackElo "2036"]
[Annotator "TA"]
[PlyCount "148"]
[EventDate "2020.10.23"]
[EventType "team-tourn"]
[EventCountry "POL"]
[SourceTitle "playchess.com"]
[Source "ChessBase"]
[SourceQuality "1"]

{[%evp 9,148,0,0,0,0,0,0,0,0,-24,3,0,0,0,0,0,0,0,16,8,27,21,33,0,-4,-35,-35,-36,-29,-47,4,-36,-40,-43,-54,-43,-20,-79,0,-7,25,35,61,92,75,3,9,0,0,0,0,0,60,0,0,14,8,8,8,9,5,4,0,4,84,84,186,0,0,0,41,40,58,41,42,35,56,39,39,43,127,112,102,77,589,589,588,586,589,575,589,582,567,560,619,226,226,226,226,226,215,172,179,161,161,156,315,285,1211,1178,1140,881,625,577,577,312,284,249,577,8,8,8,8,0,8,0,0,0,0,0,0,0,8,0,0,0,0,0,29981,29982,29982]} 1. d4 d5 2. Bf4 Nf6 3. e3 c5 4. c3 Qb6 5. Qc2 Nc6 6. Nd2 {D00: 1 d4 d5: Unusual lines.} g6 7. Ngf3 Bg7 8. Be2 {The position is equal.} O-O 9. O-O Bf5 10. Qb3 c4 11. Qxb6 axb6 12. h3 b5 13. a3 Rfe8 14. Ne5 {[#]} Ne4 $146 ({Predecessor:} 14... Na5 15. a4 Ne4 16. Nxe4 Bxe5 17. dxe5 Bxe4 18. axb5 Nb3 19. Rxa8 Rxa8 20. f3 Bc2 21. e4 e6 22. exd5 exd5 23. Bh6 Ra2 24. Bd1 Rxb2 25. Bxc2 Rxc2 {½-½ (25) Preziuso,T (2251)-Echenique Hilario,M ICCF email 2018}) 15. Nxe4 Bxe4 16. Rad1 Rad8 17. Rd2 Na5 18. Bd1 f6 19. Nf3 Bd3 ({Black should play} 19... e5 $15 20. dxe5 fxe5) 20. Re1 e5 21. dxe5 fxe5 22. Bg5 Rd6 23. Bc2 (23. e4 $11) 23... e4 (23... h6 $17 24. Bh4 Bxc2 25. Rxc2 Nb3) 24. Nd4 Bxd4 (24... Rb6 {with more complications.} 25. Bd1 Nc6 26. Nc2 Rf8 27. Bh4 Ra6) 25. exd4 Bxc2 26. Rxc2 Rde6 27. Re3 (27. Rce2 $16) 27... Kg7 $11 28. Bf4 Nc6 29. Rc1 h6 30. Rb1 Na5 (30... g5 $11 31. Bh2 Ne7) 31. Rd1 (31. Rbe1 $14) 31... g5 32. Be5+ Kg6 33. f3 exf3 34. Rxf3 Nc6 35. Rdf1 Nxe5 36. dxe5 {[%mdl 4096] Endgame KRR-KRR} R8e7 (36... g4 $11 37. Rg3 h5) 37. Rf6+ $16 Kg7 (37... Rxf6 $16 {was worth a try.} 38. Rxf6+ Kg7) 38. Rd1 $2 (38. Rxe6 $18 Rxe6 39. Rf5) 38... Rxe5 $11 39. Rb6 d4 40. Rxd4 Rf5 41. Rdd6 h5 42. Re6 Rd7 43. Rg6+ Kf7 44. Rh6 Kf8 (44... h4 $14 45. Rh7+ Ke8 46. Rxb7 Rxh7 47. Rxh7 Rd5) 45. Rxh5 $16 Kg7 46. h4 Rdd5 $2 {[%mdl 8192]} (46... Rd2 $16 {stays breathing.}) 47. Rxg5+ $18 Rxg5 48. hxg5 Rxg5 {KR-KR} 49. Kf2 Rd5 50. Kf3 Kf7 51. Ke4 Rg5 52. Kf4 $2 (52. g4 Rxg4+ 53. Kd5) 52... Rxg2 53. Rxb7+ Ke6 54. Rxb5 Kd6 55. Ke3 Kc6 56. a4 Rg3+ 57. Kd2 Rg8 $2 (57... Rg2+ $16 58. Kd1 Rg1+ 59. Kc2 Ra1) 58. Kc2 Rg2+ $2 {[#]} (58... Rg1 59. Rb8 Rh1 60. Rc8+ Kd5) 59. Kb1 $1 {[%cal Rb1a2]} Rg7 60. Ka2 Rg2 61. Rb4 Kc5 62. a5 Rg6 63. Ra4 {And now a6 would win.} Ra6 $2 (63... Kb5 {is a better chance.} 64. b3 cxb3+ 65. Kxb3 Ka6) 64. Kb1 $2 (64. Ka3 $18 {Strongly threatening b3.} Ra7 65. a6) 64... Kb5 $11 65. Rb4+ Kc5 $1 66. Ra4 {Threatens to win with Ka2.} Kb5 67. Ra3 {aiming for Kc2.} (67. b3 {keeps more tension.} cxb3 68. Rg4 Rxa5 69. Kb2 Ra4 70. Rg8) 67... Rxa5 68. Rxa5+ Kxa5 {KPP-KP} 69. Kc1 {White wants to mate with Kd2.} Ka4 70. Kc2 Kb5 71. Kd2 Kc5 72. Ke3 Kd5 73. Kf4 {Kf5 would kill now.} Kc6 $2 {[%mdl 8192] [#]} (73... Kd6 $11 74. Ke4 Ke6) 74. Ke4 Kc5 {Av CentiPawn Loss W=-33/B=-49. Weighted=-51/-54} 1-0

[Event "POL-chT 2nd League Juniors 2020"]
[Site "Sypniewo"]
[Date "2020.10.30"]
[Round "9.8"]
[White "Bialik, Nikodem"]
[Black "Niemier, Hubert"]
[Result "0-1"]
[WhiteElo "1547"]
[BlackElo "1771"]
[Annotator "NA RC"]
[PlyCount "146"]
[EventDate "2020.10.23"]
[EventType "team-tourn"]
[EventCountry "POL"]
[SourceTitle "playchess.com"]
[Source "ChessBase"]
[SourceQuality "1"]
[TimeControl "5400+30"]

1. e4 {[%emt 0:00:00]} c6 {[%emt 0:00:00]} 2. Nf3 {[%emt 0:00:00]} d5 {[%emt 0:00:00]} 3. Nc3 {[%emt 0:00:53]} Bg4 {[%emt 0:00:00]} 4. h3 {[%emt 0:00:36]} Bxf3 {[%emt 0:00:00]} 5. Qxf3 {[%emt 0:00:09]} e6 {[%emt 0:00:12]} 6. a3 {[%emt 0:01:56]} Bc5 {[%emt 0:01:03]} 7. g3 {[%emt 0:02:02]} Nd7 {[%emt 0:00:22]} 8. d3 {[%emt 0:00:43]} d4 {[%emt 0:02:44]} 9. Nb1 {[%emt 0:03:48]} Ne7 {[%emt 0:00:25]} 10. Bg2 {[%emt 0:00:59]} e5 {[%emt 0:00:38]} 11. O-O {[%emt 0:01:39]} O-O {[%emt 0:01:06]} 12. Qe2 {[%emt 0:03:41]} Bd6 {[%emt 0:05:39]} 13. f4 {[%emt 0:01:35]} f6 {[%emt 0:00:09]} 14. f5 {[%emt 0:00:25]} c5 {[%emt 0:00:20]} 15. b3 {[%emt 0:02:35]} b5 {[%emt 0:00:21]} 16. Nd2 {[%emt 0:03:26]} Nb6 {[%emt 0:04:42]} 17. g4 {[%emt 0:00:40]} Nc6 {[%emt 0:01:37]} 18. Rf3 {[%emt 0:01:21]} Kf7 {[%emt 0:04:51]} 19. Rg3 {[%emt 0:01:36]} h6 {[%emt 0:01:02]} 20. h4 {[%emt 0:01:03]} Ke7 {[%emt 0:01:44]} 21. Nf3 {[%emt 0:01:57]} Kd7 {[%emt 0:04:32]} 22. g5 {[%emt 0:01:36]} hxg5 {[%emt 0:00:17]} 23. hxg5 {[%emt 0:00:09]} Qe8 {[%emt 0:07:43]} 24. Nh4 {[%emt 0:04:32]} Ne7 {[%emt 0:00:22]} 25. Bd2 {[%emt 0:03:33]} Rg8 {[%emt 0:00:46]} 26. Kf2 {[%emt 0:01:34]} Rc8 {[%emt 0:00:43]} 27. Rh1 {[%emt 0:03:49]} c4 {[%emt 0:02:45]} 28. bxc4 {[%emt 0:09:25]} bxc4 {[%emt 0:00:24]} 29. Bc1 {[%emt 0:00:19]} cxd3 {[%emt 0:00:56]} 30. Rxd3 {[%emt 0:00:31]} Qf7 {[%emt 0:02:26]} 31. Rhh3 {[%emt 0:04:01]} Qa2 {[%emt 0:08:21]} 32. c3 {[%emt 0:02:27]} Qxe2+ {[%emt 0:01:13]} 33. Kxe2 {[%emt 0:00:07]} Na4 {[%emt 0:01:49]} 34. Bd2 {[%emt 0:02:59]} Nxc3+ {[%emt 0:08:05]} 35. Bxc3 {[%emt 0:00:06]} Rxc3 {[%emt 0:00:07]} 36. Rxc3 {[%emt 0:00:13]} dxc3 {[%emt 0:00:06]} 37. Rxc3 {[%emt 0:00:11]} Rb8 {[%emt 0:00:43]} 38. gxf6 {[%emt 0:02:17]} gxf6 {[%emt 0:02:34]} 39. Kf3 {[%emt 0:00:55]} Nc6 {[%emt 0:01:26]} 40. Bf1 {[%emt 0:01:45]} Nd4+ {[%emt 0:00:13]} 41. Kg4 {[%emt 0:00:35]} Rb1 {[%emt 0:00:40]} 42. Bc4 {[%emt 0:01:35]} Rg1+ {[%emt 0:01:40]} 43. Kh3 {[%emt 0:01:12]} Re1 {[%emt 0:01:30]} 44. Bd5 {[%emt 0:01:03]} Ra1 {[%emt 0:04:31]} 45. Nf3 {[%emt 0:03:54]} Bxa3 {[%emt 0:08:29]} 46. Rd3 {[%emt 0:02:34]} Bc5 {[%emt 0:01:59]} 47. Kg2 {[%emt 0:01:36]} a5 {[%emt 0:00:59]} 48. Rd2 {[%emt 0:07:16]} Ra3 {[%emt 0:03:37]} 49. Ne1 {[%emt 0:04:13]} Rc3 {[%emt 0:02:27]} 50. Nd3 {[%emt 0:01:20]} Bb4 {[%emt 0:00:25]} 51. Nb2 {[%emt 0:01:52]} Kc7 {[%emt 0:05:26]} 52. Rf2 {[%emt 0:01:23]} Nc2 {[%emt 0:01:59]} 53. Na4 {[%emt 0:00:25]} Ne3+ {[%emt 0:00:06]} 54. Kh2 {[%emt 0:01:48]} Ra3 {[%emt 0:05:30]} 55. Rf3 {[%emt 0:03:11]} Nxd5 {[%emt 0:00:19]} 56. Rxa3 {[%emt 0:00:16]} Bxa3 {[%emt 0:00:02]} 57. exd5 {[%emt 0:00:13]} Kd6 {[%emt 0:02:05]} 58. Nb6 {[%emt 0:00:12]} Bc5 {[%emt 0:00:22]} 59. Nc4+ {[%emt 0:00:06]} Kxd5 {[%emt 0:00:05]} 60. Nxa5 {[%emt 0:00:08]} Ke4 {[%emt 0:00:05]} 61. Kg3 {[%emt 0:00:58]} Kxf5 {[%emt 0:00:04]} 62. Nb3 {[%emt 0:00:42]} Bb6 {[%emt 0:00:55]} 63. Kf3 {[%emt 0:00:21]} e4+ {[%emt 0:00:07]} 64. Ke2 {[%emt 0:00:12]} Ke5 {[%emt 0:00:35]} 65. Nd2 {[%emt 0:00:16]} Kd5 {[%emt 0:00:10]} 66. Nf1 {[%emt 0:00:37]} f5 {[%emt 0:00:08]} 67. Nd2 {[%emt 0:01:21]} f4 {[%emt 0:00:22]} 68. Nf1 {[%emt 0:02:15]} f3+ {[%emt 0:00:18]} 69. Kd2 {[%emt 0:00:42]} Bf2 {[%emt 0:00:25]} 70. Nh2 {[%emt 0:00:15]} Kd4 {[%emt 0:01:04]} 71. Kc1 {[%emt 0:01:37]} Ke3 {[%emt 0:00:53]} 72. Kd1 {[%emt 0:00:09]} Kf4 {[%emt 0:00:06]} 73. Nf1 {[%emt 0:01:31]} e3 {[%emt 0:00:09]} 0-1

[Event "POL-chT 2nd League Juniors 2020"]
[Site "Sypniewo"]
[Date "2020.10.30"]
[Round "9.8"]
[White "Wrona, Florian"]
[Black "Borkowski, Szymon"]
[Result "0-1"]
[WhiteElo "1463"]
[BlackElo "1338"]
[Annotator "NA RC"]
[PlyCount "118"]
[EventDate "2020.10.23"]
[EventType "team-tourn"]
[EventCountry "POL"]
[SourceTitle "playchess.com"]
[Source "ChessBase"]
[SourceQuality "1"]
[TimeControl "5400+30"]

1. e4 {[%emt 0:00:00]} d6 {[%emt 0:00:00]} 2. d4 {[%emt 0:00:00]} Nf6 {[%emt 0:00:00]} 3. Nc3 {[%emt 0:00:00]} g6 {[%emt 0:00:00]} 4. Nf3 {[%emt 0:00:00]} Bg7 {[%emt 0:00:04]} 5. Be2 {[%emt 0:00:20]} O-O {[%emt 0:00:11]} 6. O-O {[%emt 0:00:04]} c6 {[%emt 0:00:07]} 7. Be3 {[%emt 0:00:44]} b5 {[%emt 0:01:00]} 8. a3 {[%emt 0:00:25]} Nbd7 {[%emt 0:02:27]} 9. h3 {[%emt 0:05:28]} Qc7 {[%emt 0:02:02]} 10. Nh2 {[%emt 0:08:02]} Re8 {[%emt 0:02:37]} 11. f4 {[%emt 0:01:30]} e5 {[%emt 0:02:27]} 12. dxe5 {[%emt 0:02:06]} dxe5 {[%emt 0:00:41]} 13. f5 {[%emt 0:00:57]} Bb7 {[%emt 0:09:21]} 14. Bd3 {[%emt 0:05:09]} a6 {[%emt 0:04:39]} 15. Ne2 {[%emt 0:08:25]} c5 {[%emt 0:05:52]} 16. c3 {[%emt 0:04:08]} c4 {[%emt 0:04:26]} 17. Bc2 {[%emt 0:00:05]} Nc5 {[%emt 0:00:50]} 18. Ng3 {[%emt 0:02:28]} Nfxe4 {[%emt 0:03:04]} 19. Nxe4 {[%emt 0:04:21]} Nxe4 {[%emt 0:00:23]} 20. fxg6 {[%emt 0:08:42]} hxg6 {[%emt 0:00:49]} 21. Qg4 {[%emt 0:01:45]} Qc6 {[%emt 0:02:29]} 22. Rae1 {[%emt 0:03:38]} f5 {[%emt 0:08:44]} 23. Bxe4 {[%emt 0:01:01]} Qxe4 {[%emt 0:00:04]} 24. Qxg6 {[%emt 0:02:01]} f4 {[%emt 0:01:58]} 25. Qxe4 {[%emt 0:00:48]} Bxe4 {[%emt 0:00:01]} 26. Bc1 {[%emt 0:11:03]} Bd3 {[%emt 0:02:29]} 27. Rf3 {[%emt 0:00:02]} Rad8 {[%emt 0:12:29]} 28. Ng4 {[%emt 0:02:22]} Bf5 {[%emt 0:03:17]} 29. Nf2 {[%emt 0:02:20]} Bh6 {[%emt 0:04:18]} 30. Ne4 {[%emt 0:02:10]} Kf7 {[%emt 0:01:32]} 31. Rff1 {[%emt 0:13:16]} Bxe4 {[%emt 0:05:57]} 32. Rxe4 {[%emt 0:00:20]} Kf6 {[%emt 0:00:31]} 33. Rfe1 {[%emt 0:04:40]} Bg5 {[%emt 0:02:06]} 34. g3 {[%emt 0:01:32]} fxg3 {[%emt 0:02:10]} 35. Bxg5+ {[%emt 0:00:16]} Kxg5 {[%emt 0:00:01]} 36. Rg4+ {[%emt 0:00:14]} Kf5 {[%emt 0:02:24]} 37. Rf1+ {[%emt 0:01:51]} Ke6 {[%emt 0:00:03]} 38. Rxg3 {[%emt 0:00:06]} Rg8 {[%emt 0:01:59]} 39. Rxg8 {[%emt 0:03:32]} Rxg8+ 40. Kf2 Rd8 {[%emt 0:02:07]} 41. Ke2 {[%emt 0:00:41]} Rd3 {[%emt 0:00:25]} 42. Rf3 {[%emt 0:00:01]} e4 {[%emt 0:00:21]} 43. Re3 {[%emt 0:01:21]} Kf5 {[%emt 0:02:30]} 44. h4 {[%emt 0:00:03]} Kf4 {[%emt 0:01:38]} 45. Rxd3 {[%emt 0:01:46]} exd3+ {[%emt 0:00:24]} 46. Kf2 {[%emt 0:00:15]} Kg4 {[%emt 0:00:05]} 47. h5 {[%emt 0:00:36]} Kxh5 {[%emt 0:00:02]} 48. Kf3 {[%emt 0:00:07]} Kh4 {[%emt 0:00:44]} 49. Kf2 {[%emt 0:00:04]} Kg4 {[%emt 0:00:51]} 50. Ke3 {[%emt 0:00:06]} Kg3 {[%emt 0:00:15]} 51. Kd2 {[%emt 0:00:03]} Kf3 {[%emt 0:00:23]} 52. b4 {[%emt 0:00:46]} Kf2 {[%emt 0:00:28]} 53. Kd1 {[%emt 0:00:17]} Ke3 {[%emt 0:00:20]} 54. a4 {[%emt 0:00:45]} bxa4 {[%emt 0:01:32]} 55. Kc1 {[%emt 0:00:22]} Ke2 {[%emt 0:00:11]} 56. b5 {[%emt 0:00:10]} d2+ {[%emt 0:00:27]} 57. Kb2 {[%emt 0:00:10]} d1=Q {[%emt 0:00:16]} 58. b6 {[%emt 0:00:16]} a3+ {[%emt 0:00:06]} 59. Kxa3 {[%emt 0:00:08]} Qb3# 0-1

[Event "POL-chT 2nd League Juniors 2020"]
[Site "Sypniewo"]
[Date "2020.10.30"]
[Round "9.9"]
[White "Skrzypinski, Jan"]
[Black "Cieply, Krzysztof"]
[Result "1-0"]
[WhiteElo "1418"]
[BlackElo "1573"]
[Annotator "NA RC"]
[PlyCount "99"]
[EventDate "2020.10.23"]
[EventType "team-tourn"]
[EventCountry "POL"]
[SourceTitle "playchess.com"]
[Source "ChessBase"]
[SourceQuality "1"]
[TimeControl "5400+30"]

1. e4 {[%emt 0:00:00]} c5 {[%emt 0:00:00]} 2. Nf3 {[%emt 0:00:03]} Nc6 {[%emt 0:00:07]} 3. Bb5 {[%emt 0:00:46]} g6 {[%emt 0:00:26]} 4. O-O {[%emt 0:00:36]} Bg7 {[%emt 0:00:16]} 5. c3 {[%emt 0:00:37]} Nf6 6. e5 {[%emt 0:00:53]} Nd5 {[%emt 0:01:39]} 7. d4 {[%emt 0:01:17]} cxd4 {[%emt 0:00:28]} 8. cxd4 {[%emt 0:00:13]} O-O {[%emt 0:00:27]} 9. Nc3 {[%emt 0:01:38]} Nc7 {[%emt 0:00:27]} 10. Ba4 {[%emt 0:00:31]} d5 {[%emt 0:01:03]} 11. h3 {[%emt 0:03:32]} Na5 {[%emt 0:03:00]} 12. Re1 {[%emt 0:05:15]} a6 {[%emt 0:01:46]} 13. Bc2 {[%emt 0:00:36]} Bf5 {[%emt 0:00:45]} 14. Bxf5 {[%emt 0:00:35]} gxf5 {[%emt 0:00:06]} 15. Nh4 {[%emt 0:00:20]} e6 {[%emt 0:00:07]} 16. Qh5 {[%emt 0:00:42]} f6 {[%emt 0:00:54]} 17. Bh6 {[%emt 0:01:09]} Rf7 {[%emt 0:00:24]} 18. f4 {[%emt 0:08:57]} Nc6 {[%emt 0:01:05]} 19. Rad1 {[%emt 0:02:31]} fxe5 {[%emt 0:01:23]} 20. fxe5 {[%emt 0:00:13]} Bxh6 {[%emt 0:01:30]} 21. Qxh6 {[%emt 0:00:09]} Qf8 {[%emt 0:00:12]} 22. Qh5 {[%emt 0:01:07]} Rg7 {[%emt 0:00:31]} 23. Re3 {[%emt 0:09:55]} Qb4 {[%emt 0:00:19]} 24. Rdd3 {[%emt 0:02:25]} Rf8 {[%emt 0:03:09]} 25. Rg3 {[%emt 0:11:08]} Rff7 {[%emt 0:00:18]} 26. Rxg7+ {[%emt 0:01:03]} Rxg7 {[%emt 0:00:05]} 27. Nxf5 {[%emt 0:01:33]} exf5 {[%emt 0:01:02]} 28. Qxf5 {[%emt 0:00:58]} Qf8 {[%emt 0:00:54]} 29. Qxf8+ {[%emt 0:08:45]} Kxf8 {[%emt 0:00:07]} 30. Ne2 {[%emt 0:00:21]} Ne6 {[%emt 0:03:45]} 31. a3 {[%emt 0:01:24]} Rf7 {[%emt 0:01:40]} 32. g3 {[%emt 0:00:25]} Kg7 {[%emt 0:05:15]} 33. Kg2 {[%emt 0:01:06]} Ncxd4 {[%emt 0:02:44]} 34. Nxd4 {[%emt 0:00:13]} Nxd4 {[%emt 0:00:42]} 35. Rxd4 {[%emt 0:00:04]} Re7 {[%emt 0:00:09]} 36. Rxd5 {[%emt 0:00:05]} Kf7 {[%emt 0:00:04]} 37. Kf3 {[%emt 0:00:21]} Rc7 {[%emt 0:00:05]} 38. Rd3 {[%emt 0:00:16]} Ke6 {[%emt 0:01:18]} 39. Ke4 {[%emt 0:00:16]} Rc2 {[%emt 0:00:07]} 40. Rd6+ {[%emt 0:00:11]} Kf7 {[%emt 0:00:10]} 41. Rb6 {[%emt 0:00:13]} Rc7 {[%emt 0:00:06]} 42. Kf5 {[%emt 0:00:10]} Re7 {[%emt 0:00:17]} 43. h4 {[%emt 0:00:19]} Rc7 {[%emt 0:00:10]} 44. g4 {[%emt 0:00:08]} Re7 {[%emt 0:00:05]} 45. g5 {[%emt 0:00:05]} Rc7 {[%emt 0:00:04]} 46. h5 {[%emt 0:00:03]} Re7 {[%emt 0:00:10]} 47. Rf6+ {[%emt 0:00:09]} Kg7 {[%emt 0:00:07]} 48. Rd6 {[%emt 0:00:22]} Rf7+ {[%emt 0:00:14]} 49. Ke6 {[%emt 0:00:11]} Rc7 {[%emt 0:00:16]} 50. Rd7+ {[%emt 0:00:08]} 1-0